000 00353nam a22001577a 4500
003 SGT
020 _a9789382711247
082 _a610.73
_bF14R
100 _aRAJAN, SAKUNTHALA
245 _aA TB. FUNDAMENTALS OF NURSING
250 _a1ST
260 _aINDIA
_bVIT MED PUB
_c2014
300 _a374
650 _aFUNDAMENTAL NURSING
942 _2ddc
_cBK
999 _c34833
_d34833